[Event "Amsterdam Science Park op-A 1st"]
[Site "Amsterdam"]
[Date "2011.07.11"]
[Round "3"]
[White "Van den Berg, Harmen"]
[Black "Hendriks, Theo"]
[Result "1/2-1/2"]
[WhiteElo "2136"]
[BlackElo "2053"]
[PlyCount "110"]
[EventDate "2011.07.09"]
[EventType "swiss"]
[EventRounds "9"]
[EventCountry "NED"]
[SourceTitle "CBM 143 Extra"]
[Source "ChessBase"]
[SourceDate "2011.08.29"]
[SourceVersion "1"]
[SourceVersionDate "2011.08.29"]
[SourceQuality "1"]

1. e4 c5 2. Nf3 Nc6 3. d4 cxd4 4. Nxd4 Nf6 5. Nc3 e5 6. Ndb5 d6 7. Nd5 Nxd5 8. exd5 Nb8 9. c4 Be7 10. Bd3 0-0 11. 0-0 a6 12. Nc3 f5 13. f3 Nd7 14. Be3 Bg5 15. Bf2 Bh4 16. g3 Bg5 17. Qc2 e4 18. fxe4 f4 19. e5 Nxe5 20. Bxh7+ Kh8 21. Bd4 Bh3 22. Bxe5 dxe5 23. Rfe1 Qb6+ 24. Qf2 Qxf2+ 25. Kxf2 Kxh7 26. Kf3 Bd7 27. g4 Rae8 28. Ne4 Bd8 29. c5 Bb5 30. Red1 Kg6 31. a4 Bd7 32. Nd6 e4+ 33. Nxe4 Bxg4+ 34. Kxg4 Rxe4 35. Re1 Rfe8 36. Rf1 Rc4 37. Rxf4 Ree4 38. Rxe4 Rxe4+ 39. Kf3 Rc4 40. Rd1 Rxc5 41. Ke4 Rc4+ 42. Ke5 Rxa4 43. Ke6 Re4+ 44. Kd7 Bf6 45. d6 Rb4 46. Kc8 Rxb2 47. d7 a5 48. Rd6 Rc2+ 49. Kxb7 Kf7 50. Rxf6+ Ke7 51. Rf7+ Kd8 52. Rxg7 Rxh2 53. Kc6 Rh6+ 54. Kb5 Rd6 55. Kxa5 Rxd7 1/2-1/2

[Event "Amsterdam Science Park op-A 1st"]
[Site "Amsterdam"]
[Date "2011.07.09"]
[Round "1"]
[White "Van Weersel, Arlette"]
[Black "Hendriks, Theo"]
[Result "1-0"]
[WhiteElo "2237"]
[BlackElo "2053"]
[PlyCount "77"]
[EventDate "2011.07.09"]
[EventType "swiss"]
[EventRounds "9"]
[EventCountry "NED"]
[SourceTitle "CBM 143 Extra"]
[Source "ChessBase"]
[SourceDate "2011.08.29"]
[SourceVersion "1"]
[SourceVersionDate "2011.08.29"]
[SourceQuality "1"]

1. e4 c5 2. Nf3 Nc6 3. d4 cxd4 4. Nxd4 e5 5. Nb5 d6 6. c4 a6 7. N5a3 Nf6 8. Nc3 h6 9. Nc2 Be7 10. Be2 0-0 11. 0-0 Ne8 12. Bg4 Bg5 13. Be3 Bxe3 14. Nxe3 Nd4 15. Bxc8 Rxc8 16. Qd3 Qg5 17. Ned5 Ne6 18. Rad1 Rd8 19. a4 Kh8 20. Qg3 Nf6 21. Qxg5 hxg5 22. Nxf6 gxf6 23. Nd5 Kg7 24. Ne7 Nd4 25. Nf5+ Nxf5 26. exf5 Rh8 27. Rd5 Rh4 28. b3 Rdh8 29. Rxd6 Rxh2 30. f3 g4 31. fxg4 R2h4 32. Rb6 Rb8 33. c5 Rc8 34. Rc1 Rxg4 35. Rxb7 Rd8 36. Rc2 Rh4 37. c6 Rd1+ 38. Kf2 Rhh1 39. c7 1-0

[Event "Hoogeveen Essent op"]
[Site "Hoogeveen"]
[Date "2006.10.23"]
[Round "4"]
[White "Bensdorp, Marlies"]
[Black "Hendriks, Theo"]
[Result "1-0"]
[WhiteElo "2264"]
[BlackElo "2090"]
[PlyCount "113"]
[EventDate "2006.10.21"]
[EventType "swiss"]
[EventRounds "9"]
[EventCountry "NED"]
[SourceTitle "EXT 2007"]
[Source "ChessBase"]
[SourceDate "2006.11.23"]
[SourceVersion "1"]
[SourceVersionDate "2006.11.23"]
[SourceQuality "1"]

1. d4 Nf6 2. c4 g6 3. Nc3 Bg7 4. e4 d6 5. h3 0-0 6. Bg5 Nbd7 7. Bd3 c5 8. d5 a6 9. Nf3 h6 10. Be3 b6 11. 0-0 Ne5 12. Nxe5 dxe5 13. Qd2 Kh7 14. Rab1 Nh5 15. Ne2 f5 16. exf5 Bxf5 17. Bxf5 gxf5 18. Qc2 Kh8 19. f4 Qd6 20. fxe5 Qxe5 21. Qd2 Rf6 22. Rf3 Rd8 23. b3 Qd6 24. Rbf1 e6 25. Nf4 Nxf4 26. Bxf4 e5 27. Bg3 Rdf8 28. Qc2 f4 29. Be1 R6f7 30. Bc3 Kg8 31. Re1 Rf5 32. Re4 Rg5 33. Qe2 Qg6 34. Rf2 f3 35. Qc2 fxg2 36. Rxf8+ Bxf8 37. Re2 Qh5 38. Qd3 Bg7 39. Qe3 Qf7 40. Rxg2 Rxg2+ 41. Kxg2 Qg6+ 42. Kf2 Qc2+ 43. Qd2 Qf5+ 44. Kg2 Qg6+ 45. Kh2 Qd6 46. Qg2 Kh7 47. Qe4+ Kh8 48. Kg2 Qf6 49. Bd2 Kg8 50. h4 Bf8 51. h5 Bd6 52. Qf3 Qg7+ 53. Qg3 Bf8 54. Qxg7+ Kxg7 55. Kf3 Kf6 56. Ke4 a5 57. Bc1 1-0

[Event "Hoogeveen Essent op"]
[Site "Hoogeveen"]
[Date "2006.10.21"]
[Round "2"]
[White "Van Weersel, Arlette"]
[Black "Hendriks, Theo"]
[Result "1-0"]
[WhiteElo "2156"]
[BlackElo "2090"]
[PlyCount "85"]
[EventDate "2006.10.21"]
[EventType "swiss"]
[EventRounds "9"]
[EventCountry "NED"]
[SourceTitle "EXT 2007"]
[Source "ChessBase"]
[SourceDate "2006.11.23"]
[SourceVersion "1"]
[SourceVersionDate "2006.11.23"]
[SourceQuality "1"]

1. e4 c5 2. c4 Nc6 3. Ne2 Nf6 4. Nbc3 e5 5. d3 d6 6. Ng3 Be7 7. Be2 Nd4 8. 0-0 Nxe2+ 9. Qxe2 g6 10. f4 h5 11. fxe5 dxe5 12. Nd5 Nxd5 13. exd5 f6 14. Qe4 Rg8 15. Qe3 h4 16. Ne4 Bf5 17. Qh6 Bxe4 18. dxe4 g5 19. Be3 Qd6 20. b4 b6 21. bxc5 bxc5 22. Qh5+ Kd7 23. Qg4+ Kc7 24. Bd2 a5 25. Rab1 Rgb8 26. Rxb8 Kxb8 27. Rb1+ Ka7 28. Rb5 Bd8 29. Bxa5 Rb8 30. Rxb8 Kxb8 31. Bc3 Qa6 32. Qd7 Bc7 33. Qb5+ Ka7 34. Qxa6+ Kxa6 35. Kf2 Kb7 36. Kf3 Kc8 37. Kg4 Kd7 38. Kf5 Ke7 39. a4 Bb8 40. a5 Ba7 41. a6 Bb6 42. Ba5 Ba7 43. h3 1-0